01430nam a2200337 i 4500003000900000005001700009007000300026008003900029020001800068040003000086041000800116082002400124100003600148245006300184250001200247264005200259300001700311336002700328337003300355338002800388500006300416500004300479590002700522650003900549910004700588942001400635952013800649952014400787952014400931999001701075DO-SdBNP20230425100904.0ta100322s2020 dr 1 000 0 spa d a9789945807219 aDO-SdBNPbspacBNPHUerda17heng 4a427bP438o 20202221 aPérez, Jesús Manuel 93792010aOne thousand and one wise words /cJesús Manuel Pérez  a3a. ed. aSanto Domingo :bJesús Manuel Pérez,c2020. av. :c23 cm. 2rdacontentatextobtxt 2rdamediaasin mediaciónbn 2rdacarrieravolumenbnc aIncluye datos biográficos del autor en la contracubierta aLa biblioteca posee el volumen 1 de 7. aInventariado, 2021/ YL 4aInglésxPalabras y frases919560 aYLOCKWARD/Validado. Control de calidad MFF 2ddccLBS1 00102ddc51708PDaBNPHUbBNPHUcHDd2020-09-15eDepósito LegaloBNPHU PD 427 P438o 2020p2021-0987r2021-03-18w2021-03-18yLBS1 00102ddc51708PDaBNPHUbBNPHUcHDd2020-09-15eDepósito LegaloBNPHU PD 427 P438o 2020p2021-0988r2021-03-18te. 2w2021-03-18yLBS1 00102ddc56708DSaBNPHUbBNPHUcHDd2020-09-15eDepósito LegaloBNPHU DS 427 P438o 2020p2021-0989r2021-03-18te. 3w2021-03-18yLBS1 c49615d49615